| 000 | 00508nam a2200181 i 4500 | ||
|---|---|---|---|
| 001 | 90005 | ||
| 003 | ES-MaACL | ||
| 005 | 20250716062527.0 | ||
| 007 | t| | ||
| 008 | 050117s1908 xxk ||||1| eng d | ||
| 100 | 1 |
_aLee, Sidney. _971193 |
|
| 245 | 1 | 2 |
_aA life of William Shakespeare / _cby Sidney Lee. |
| 260 |
_aLondon : _bJohn Murray, _c1908. |
||
| 300 |
_aXXIX, 792 p., 10 lám. ; _c23 cm. |
||
| 600 | 1 | 4 |
_aShakespeare, William, _d1564-1616 _9105992 |
| 852 |
_aES-MaACL _jA-2369 |
||
| 999 |
_c90005 _d90005 |
||